Êtes-Vous Chanceux ? - Statistiques

Statistiques générales
  • Ce quiz a été pris 3 062 fois
  • Le résultat moyen est 2 sur 6
Statistiques - réponses
1 ou 2 ? % Correct
1
43%
2
43%
2
43%
1
42%
1
42%
1
41%
1
41%
2
41%
2
40%
1
39%
1
39%
1
38%
1
38%
2
38%
1
37%
1
36%
1
35%
1
34%
1
34%
2
34%
2
34%
2
34%
2
34%
2
34%
1
33%
1
33%
1
32%
1
32%
2
32%
2
31%
1
30%
2
30%
2
30%
1
28%
2
28%
2
27%
2
27%
2
27%
2
23%
2
22%
Aucun quiz correspondant
Distribution des résultats
% des personnes avec chaque résultat
Percentile par nombre de réponses
Votre historique - résultats
Vous n’avez pas pris ce quiz